Phân tích ECG bằng chuỗi thời gian phi tuyến : Luận văn Thạc sĩ Vật lý chuyên ngành: Vật lý kỹ thuật

Đề tài trình bày tổng quan về điện tâm đồ, phân tích chuỗi thời gian phi tuyến, phân tích ECG bằng số mũ Lyapunov và chiều tương quan, phân tích ECG bằng không gian pha.

Αποθηκεύτηκε σε:
Λεπτομέρειες βιβλιογραφικής εγγραφής
Κύριος συγγραφέας: Trần, Văn Hiếu
Συγγραφή απο Οργανισμό/Αρχή: .
Μορφή: Βιβλίο
Γλώσσα:Undetermined
Έκδοση: Cần Thơ Trường Đại học Cần Thơ 2014
Θέματα:
Ετικέτες: Προσθήκη ετικέτας
Δεν υπάρχουν, Καταχωρήστε ετικέτα πρώτοι!
Thư viện lưu trữ: Trung tâm Học liệu Trường Đại học Cần Thơ
LEADER 01062nam a2200229Ia 4500
001 CTU_193041
008 210402s9999 xx 000 0 und d
082 |a 616.120287 
082 |b H309 
088 |a 60440103 
100 |a Trần, Văn Hiếu 
110 |a . 
245 0 |a Phân tích ECG bằng chuỗi thời gian phi tuyến : 
245 0 |b Luận văn Thạc sĩ Vật lý chuyên ngành: Vật lý kỹ thuật 
245 0 |c Trần Văn Hiếu ; Đặng Văn Liệt (Cán bộ hướng dẫn) 
260 |a Cần Thơ 
260 |b Trường Đại học Cần Thơ 
260 |c 2014 
520 |a Đề tài trình bày tổng quan về điện tâm đồ, phân tích chuỗi thời gian phi tuyến, phân tích ECG bằng số mũ Lyapunov và chiều tương quan, phân tích ECG bằng không gian pha. 
650 |a Physical measurements,Phép đo vật lý 
904 |i Hải 
980 |a Trung tâm Học liệu Trường Đại học Cần Thơ